000 01463cam a2200337 i 4500
999 _c46799
_d46799
001 20448
003 CO-MdFUSB
005 20190814163336.0
008 161020b xxu||||| |||| 00| 0 eng d
020 _a978-0-8028-6401-7
040 _aCO-MdFUSB
_bEspañol
_cCO-MdFUSB
_dCO-MdFUSB
_erda
041 _aeng
082 _224
_a230.04624
_bV946b
100 1 _aVondey, Wolfgang
_eautor
245 1 0 _aBeyond pentecostalism
_b: The crisis of global Christianity and the renewal of the theological agenda
_c/ Wolfgang Vondey
264 1 _aGrand Rapids, Michigan :
_bWilliam B. Eerdmans Publishing,
_c℗[2010]
264 4 _a©2010
300 _axiii, 267 páginas
_c;
336 _2rdacontent
_atexto
_btxt
337 _2rdamedia
_asin mediación
_bn
338 _2rdacarrier
_avolumen
_bnc
500 _aIncluye índices (p. 261-267)
505 0 0 _aPentecostalismo y el cristianismo mundial a finales del mundo moderno - Teología, historia, y la crisis de la imaginación - Sólo escritura, la palabra de Dios y la crisis de la revelación - Trinidad, unidad, y la crisis del credo - Estructura, liminalidad y la crisis de la liturgia - Eclesialidad, cultura y la crisis de la cristiandad - Pentecostalismo, renovación y la crisis de juego
540 _aRústico
650 0 _9142
_aPentecostalismo
650 7 _9222
_aIglesias protestantes
653 _aTeología pentecostal
942 _cBK
945 _aANF-558
_bAEM-53